| 000 | 00451nam a2200133Ia 4500 | ||
|---|---|---|---|
| 008 | 170224s9999 xx 000 0 und d | ||
| 245 | _aEffects of social media users’ attitudes on their perceptions of the attributes of news agency content and their intentions to purchase digital subscriptions | ||
| 260 | _bNew Media & Society | ||
| 260 | _c2016 | ||
| 300 | _a18: | ||
| 500 | _a2016 | ||
| 650 | _xCommunication Arts | ||
| 650 | _xMultimedia Arts | ||
| 999 |
_c316203 _d316203 |
||